Analysis of Tonal Music : (Record no. 585448)

MARC details
000 -LEADER
fixed length control field 00461nam a2200181 a 4500
008 - FIXED-LENGTH DATA ELEMENTS--GENERAL INFORMATION
fixed length control field 250905s2007##################000#0#eng##
020 ## - INTERNATIONAL STANDARD BOOK NUMBER
ISBN 9780195301779
082 04 - DEWEY DECIMAL CLASSIFICATION NUMBER
Classification number 781
Item number CAD
100 1# - MAIN ENTRY--AUTHOR NAME
Personal name Cadwallader, Allen Clayton,
245 10 - TITLE STATEMENT
Title Analysis of Tonal Music :
260 ## - PUBLICATION, DISTRIBUTION, ETC. (IMPRINT)
Name of publisher Oxford University Press, USA,
Year of publication 2007.
650 #0 - SUBJECT ADDED ENTRY--TOPICAL TERM
Topical Term Music.
942 ## - ADDED ENTRY ELEMENTS (KOHA)
Koha item type English Books
Holdings
Withdrawn status Lost status Damaged status Not for loan Home library Current library Shelving location Date acquired Full call number Accession Number Price effective from Koha item type
        Anna Centenary Library Anna Centenary Library 6TH FLOOR, B WING 05.09.2025 781 CAD 267570 05.09.2025 English Books

Find us on the map